Η ιστορία ως έρευνα και κριτική : εισαγωγικά μαθήματα στις ιστορικές σπουδές ; το βιβλίο του καθηγητή
Αποθηκεύτηκε σε:
| Κύριος συγγραφέας: | |
|---|---|
| Μορφή: | Βιβλίο |
| Γλώσσα: | Greek |
| Δημοσίευση: |
Αθήνα :
Πατάκης,
1984.
|
| Σειρά: | Βιβλία για την εκπαίδευση (Πατάκης)
; 3 |
| Θέματα: | |
| Ετικέτες: |
Προσθήκη ετικέτας
Δεν υπάρχουν, Καταχωρήστε ετικέτα πρώτοι!
|
MARC
| LEADER | 00000cam a2200000 i 4500 | ||
|---|---|---|---|
| 001 | 1/67667 | ||
| 008 | 990125s1984 gr | ||| |||| ||gre|| | ||
| 020 | |a 9602930691 | ||
| 035 | |l 10047517 | ||
| 040 | |a GR-MY-UA |b gre |e aacr | ||
| 041 | 0 | |a gre | |
| 082 | 7 | |a 907.2 |2 (22) | |
| 100 | 1 | |a Γιακουμής, Γιώργος Κ. | |
| 245 | 1 | 2 | |a Η ιστορία ως έρευνα και κριτική : |b εισαγωγικά μαθήματα στις ιστορικές σπουδές ; το βιβλίο του καθηγητή / |c Γ.Γιακουμής. |
| 260 | |a Αθήνα : |b Πατάκης, |c 1984. | ||
| 300 | |a 341 σ. ; |c 21 εκ. | ||
| 490 | 1 | |a (Βιβλία για την εκπαίδευση / Πατάκης ; |v 3) | |
| 650 | 0 | 0 | |a Historiography |x Study and teaching. |
| 650 | 0 | 0 | |a History |x Methodology. |
| 650 | 0 | 0 | |a History |x Study and teaching (Secondary) |
| 830 | 0 | |a Βιβλία για την εκπαίδευση (Πατάκης) |v ; 3 | |
| 852 | |a INST |b RHODES |e 19990125 |h 907.2 ΓΙΑ |p 005400005848 |q 005400005848 |t BK |y 0 | ||
| 901 | |a BIBL-1999-1 | ||
| 909 | |a Ρ |b 051890 | ||
| 922 | |a 4ΕΛΗ |b 199711 |c ΦΩΤΙΟΥ | ||
| 970 | |z 2000/06 | ||